Brand Management (Record no. 6978)

MARC details
000 -LEADER
fixed length control field 00212nam a22000857a 4500
008 - FIXED-LENGTH DATA ELEMENTS--GENERAL INFORMATION
fixed length control field 170621b xxu||||| |||| 00| 0 eng d
100 ## - MAIN ENTRY--PERSONAL NAME
9 (RLIN) 3592
Personal name Dhawan. R
245 ## - TITLE STATEMENT
Title Brand Management
260 ## - PUBLICATION, DISTRIBUTION, ETC. (IMPRINT)
Place of publication, distribution, etc. New Delhi
Name of publisher, distributor, etc. A. P. H
Date of publication, distribution, etc. 2010
Holdings
Withdrawn status Lost status Source of classification or shelving scheme Damaged status Koha normalized classification for sorting Not for loan Home library Current library Shelving location Date acquired Total Checkouts Full call number Barcode Date last seen Price effective from Koha item type
    Dewey Decimal Classification   650_000000000000000   Good Samaritan School Library Good Samaritan School Library Management 06/21/2017   650 DHA7726 06/21/2017 06/21/2017 BOOK

Powered by Koha